Agrupamiento y desagrupamiento en unidades, decenas, centenas, y unidades de millar / (Record no. 1271)

MARC details
000 -CABECERA
campo de control de longitud fija 00770nam a2200205 a 4500
005 - FECHA Y HORA DE LA ÚLTIMA TRANSACCIÓN
campo de control 20230524063533.0
008 - ELEMENTOS DE LONGITUD FIJA--INFORMACIÓN GENERAL
campo de control de longitud fija 991125s1997 mx 000 0 spa u
035 ## - NÚMERO DE CONTROL DEL SISTEMA
Número de control de sistema UPN01000001271
049 ## - COLECCIÓN
Colección TES
099 ## - CLASIFICACIÓN LOCAL
Clasificación local 12783
100 1# - ASIENTO PRINCIPAL--NOMBRE PERSONAL
Nombre de persona Torres Toledo, José Luis
245 10 - MENCIÓN DE TÍTULO
Título Agrupamiento y desagrupamiento en unidades, decenas, centenas, y unidades de millar /
Mención de responsabilidad, etc. José Luis Torres Toledo.
260 ## - PUBLICACIÓN, DISTRIBUCIÓN, ETC.
Lugar de publicación, distribución, etc. México :
Nombre del editor, distribuidor, etc. J. L. Torres Toledo,
Fecha de publicación, distribución, etc. 1997.
300 ## - DESCRIPCIÓN FÍSICA
Extensión 65, [12] h. :
Otras características físicas il.
500 ## - NOTA GENERAL
Nota general "Unidad 098"
502 ## - NOTA DE TESIS
Nota de tesis Propuesta pedagógica (Lic. en Educación Primaria) -- Universidad Pedagógica Nacional, 1997
650 #4 - ASIENTO SECUNDARIO DE MATERIA - TERMINO TEMATICO
Término de materia o nombre geográfico como elemento de entrada Aritmética
Subdivisión general Estudio y enseñanza (Elemental)
9 (RLIN) 5289
710 2# - ASIENTO SECUNDARIO - NOMBRE CORPORATIVO
Nombre de entidad corporativa o nombre de jurisdicción como elemento de entrada Universidad Pedagógica Nacional (México).
Unidad subordinada Unidad 098
905 ## - TIPO DE MATERIAL
Tipo de material Tesis
Holdings
Estado de retiro Estado de pérdida Fuente del sistema de clasificación o colocación Estado dañado No para préstamo Código de colección Localización permanente Ubicación/localización actual Ubicación en estantería Fecha de adquisición Clasificación Código de barras Fecha visto por última vez Número de copia Tipo de ítem Koha
    Library of Congress Classification   Disponible (Préstamo en sala) Tesis impresas Bib. Gregorio Torres Quintero Bib. Gregorio Torres Quintero Planta alta Repositorios y acceso abierto 23/02/2023 12783 145875 31/12/2020 1 Libro